Los grandes problemas de México : educación /

Obra que, en 16 volúmenes, analiza y describe los grandes problemas que enfrenta el país en este comienzo de siglo y ofrece una prospectiva sobre su posible evolución para los próximos años.

Na minha lista:
Detalhes bibliográficos
Autor principal: Ordorica, Manuel (coord. general)
Outros Autores: Prud'homme, Jean-François (coordinación general) (coordinación general), Arnaut Salgado, Alberto (coordinación) (coordinación), Giorguli Saucedo, Silvia E. (coordinación) (coordinación)
Formato: Livro
Idioma:espanhol
Publicado em: México : El Colegio de México, 2010, c2010
Colecção:(Los Grandes Problemas de México ; 7)
Assuntos:
Tags: Adicionar Tag
Sem tags, seja o primeiro a adicionar uma tag!

MARC

LEADER 00000nam^a2200000^a^4500
001 000371988
005 20250521000000.0
009 20260310115946.355
020 |a 978-607-462-167-9 
020 |a 978-607-462-111-2 
037 |a Acervo Xavier Clavigero 
041 |a ESP 
082 |a 320. 97207  |b ORD V. 7 
100 |a Ordorica, Manuel  |e (coord. general) 
240 1 5 |a [Los grandes problemas de México] 
245 1 4 |a Los grandes problemas de México :  |b educación /  |c Coord. general de M. Ordorica, J.F. Prud'homme ; coord. de A. Arnaut Salgado, S. Giorguli. 
264 4 |a México :  |b El Colegio de México,  |c 2010, c2010 
300 |a 684 p. 
336 |a texto  |b txt  |2 rdacontenido 
337 |a sin mediación  |b n  |2 rdamedio 
338 |a volumen  |b nc  |2 rdasoporte 
440 5 |a (Los Grandes Problemas de México ;  |v 7) 
520 |a Obra que, en 16 volúmenes, analiza y describe los grandes problemas que enfrenta el país en este comienzo de siglo y ofrece una prospectiva sobre su posible evolución para los próximos años. 
649 |a XX 
650 |a Igualdad y Desigualdad -  |z México 
650 |a Acceso a la Educación -  |z México 
650 |a Financiamiento de la Educación -  |z México 
650 |a Promoción de Profesores -  |z México 
650 |a Axiología de la Educación -  |z México 
650 |a Reforma Educativa -  |z México 
650 |a Educación -  |z México -  |x Historia 
650 |a Educación -  |z México -  |x Tema Principal 
650 |a Problemas Sociales -  |z México -  |x Tema Principal 
650 |a Derecho a la Educación -  |z México 
650 |a Derecho Social -  |z México 
650 |a Política Educativa -  |z México 
650 |a Política Social -  |z México 
650 |a Políticas Públicas -  |z México 
650 |a Política -  |z México -  |x Historia -  |y Siglo XXI 
650 |a México -  |x Historia -  |y Siglo XXI -  |x Tema Principal 
700 |a Prud'homme, Jean-François  |e (coordinación general) 
700 |a Arnaut Salgado, Alberto  |e (coordinación) 
700 |a Giorguli Saucedo, Silvia E.  |e (coordinación) 
910 |a Fondo General 
920 |a Impresos - Libros 
930 |a Colección General 
905 |a 101 
901 |a 0500266369  |b IT1  |c ACC  |i FXC D2377  |u 20250521 
902 |a https://opac.biblio.iteso.mx/vufind/Record/000371988